NBA Opening Day PGs 2010-2022 - Statistics

General Stats
  • This quiz has been taken 274 times
  • The average score is 238 of 360
Answer Stats
Hint Answer % Correct
Atlanta Hawks 2021-22 Trae Young
99%
Atlanta Hawks 2020-21 Trae Young
99%
Atlanta Hawks 2019-20 Trae Young
99%
Atlanta Hawks 2018-19 Trae Young
99%
Philadelphia 76ers 2012-13 Jrue Holiday
97%
Philadelphia 76ers 2011-12 Jrue Holiday
97%
Philadelphia 76ers 2010-11 Jrue Holiday
97%
Milwaukee Bucks 2021-22 Jrue Holiday
97%
Milwaukee Bucks 2020-21 Jrue Holiday
97%
New Orleans Pelicans 2017-18 Jrue Holiday
97%
New Orleans Pelicans 2014-15 Jrue Holiday
97%
New Orleans Pelicans 2013-14 Jrue Holiday
97%
Golden State Warriors 2021-22 Steph Curry
94%
Golden State Warriors 2020-21 Steph Curry
94%
Golden State Warriors 2019-20 Steph Curry
94%
Golden State Warriors 2018-19 Steph Curry
94%
Golden State Warriors 2017-18 Steph Curry
94%
Golden State Warriors 2016-17 Steph Curry
94%
Golden State Warriors 2015-16 Steph Curry
94%
Golden State Warriors 2014-15 Steph Curry
94%
Golden State Warriors 2013-14 Steph Curry
94%
Golden State Warriors 2012-13 Steph Curry
94%
Golden State Warriors 2011-12 Steph Curry
94%
Golden State Warriors 2010-11 Steph Curry
94%
Denver Nuggets 2020-21 Jamal Murray
93%
Denver Nuggets 2019-20 Jamal Murray
93%
Denver Nuggets 2018-19 Jamal Murray
93%
Denver Nuggets 2017-18 Jamal Murray
93%
Boston Celtics 2018-19 Kyrie Irving
93%
Boston Celtics 2017-18 Kyrie Irving
93%
Brooklyn Nets 2019-20 Kyrie Irving
93%
Cleveland Cavaliers 2016-17 Kyrie Irving
93%
Cleveland Cavaliers 2014-15 Kyrie Irving
93%
Cleveland Cavaliers 2013-14 Kyrie Irving
93%
Cleveland Cavaliers 2012-13 Kyrie Irving
93%
Cleveland Cavaliers 2011-12 Kyrie Irving
93%
Washington Wizards 2020-21 Russell Westbrook
93%
Oklahoma City Thunder 2017-18 Russell Westbrook
93%
Oklahoma City Thunder 2016-17 Russell Westbrook
93%
Oklahoma City Thunder 2015-16 Russell Westbrook
93%
Oklahoma City Thunder 2014-15 Russell Westbrook
93%
Oklahoma City Thunder 2012-13 Russell Westbrook
93%
Oklahoma City Thunder 2011-12 Russell Westbrook
93%
Oklahoma City Thunder 2010-11 Russell Westbrook
93%
Los Angeles Lakers 2021-22 Russell Westbrook
93%
Houston Rockets 2019-20 Russell Westbrook
93%
Oklahoma City Thunder 2019-20 Chris Paul
92%
Phoenix Suns 2021-22 Chris Paul
92%
Phoenix Suns 2020-21 Chris Paul
92%
Los Angeles Clippers 2016-17 Chris Paul
92%
Los Angeles Clippers 2015-16 Chris Paul
92%
Los Angeles Clippers 2014-15 Chris Paul
92%
Los Angeles Clippers 2013-14 Chris Paul
92%
Los Angeles Clippers 2012-13 Chris Paul
92%
Los Angeles Clippers 2011-12 Chris Paul
92%
New Orleans Pelicans 2010-11 Chris Paul
92%
Houston Rockets 2018-19 Chris Paul
92%
Houston Rockets 2017-18 Chris Paul
92%
Portland Trail Blazers 2021-22 Damian Lillard
92%
Portland Trail Blazers 2020-21 Damian Lillard
92%
Portland Trail Blazers 2019-20 Damian Lillard
92%
Portland Trail Blazers 2018-19 Damian Lillard
92%
Portland Trail Blazers 2017-18 Damian Lillard
92%
Portland Trail Blazers 2016-17 Damian Lillard
92%
Portland Trail Blazers 2015-16 Damian Lillard
92%
Portland Trail Blazers 2014-15 Damian Lillard
92%
Portland Trail Blazers 2013-14 Damian Lillard
92%
Portland Trail Blazers 2012-13 Damian Lillard
92%
San Antonio Spurs 2021-22 Dejounte Murray
92%
San Antonio Spurs 2020-21 Dejounte Murray
92%
San Antonio Spurs 2019-20 Dejounte Murray
92%
San Antonio Spurs 2017-18 Dejounte Murray
92%
Sacramento Kings 2021-22 De'Aaron Fox
91%
Sacramento Kings 2020-21 De'Aaron Fox
91%
Sacramento Kings 2019-20 De'Aaron Fox
91%
Sacramento Kings 2018-19 De'Aaron Fox
91%
Brooklyn Nets 2021-22 James Harden
90%
Houston Rockets 2020-21 James Harden
90%
Houston Rockets 2016-17 James Harden
90%
Charlotte Hornets/Bobcats 2021-22 LaMelo Ball
90%
Chicago Bulls 2021-22 Lonzo Ball
90%
Los Angeles Lakers 2017-18 Lonzo Ball
90%
New Orleans Pelicans 2020-21 Lonzo Ball
90%
New Orleans Pelicans 2019-20 Lonzo Ball
90%
Dallas Mavericks 2021-22 Luka Doncic
90%
Dallas Mavericks 2020-21 Luka Doncic
90%
Dallas Mavericks 2019-20 Luka Doncic
90%
Dallas Mavericks 2018-19 Luka Doncic
90%
Toronto Raptors 2020-21 Kyle Lowry
89%
Toronto Raptors 2019-20 Kyle Lowry
89%
Toronto Raptors 2018-19 Kyle Lowry
89%
Toronto Raptors 2017-18 Kyle Lowry
89%
Toronto Raptors 2016-17 Kyle Lowry
89%
Toronto Raptors 2015-16 Kyle Lowry
89%
Toronto Raptors 2014-15 Kyle Lowry
89%
Toronto Raptors 2013-14 Kyle Lowry
89%
Toronto Raptors 2012-13 Kyle Lowry
89%
Miami Heat 2021-22 Kyle Lowry
89%
Houston Rockets 2011-12 Kyle Lowry
89%
Memphis Grizzlies 2021-22 Ja Morant
88%
Memphis Grizzlies 2020-21 Ja Morant
88%
Memphis Grizzlies 2019-20 Ja Morant
88%
Utah Jazz 2021-22 Mike Conley
88%
Utah Jazz 2020-21 Mike Conley
88%
Utah Jazz 2019-20 Mike Conley
88%
Memphis Grizzlies 2018-19 Mike Conley
88%
Memphis Grizzlies 2017-18 Mike Conley
88%
Memphis Grizzlies 2016-17 Mike Conley
88%
Memphis Grizzlies 2015-16 Mike Conley
88%
Memphis Grizzlies 2014-15 Mike Conley
88%
Memphis Grizzlies 2013-14 Mike Conley
88%
Memphis Grizzlies 2012-13 Mike Conley
88%
Memphis Grizzlies 2011-12 Mike Conley
88%
Memphis Grizzlies 2010-11 Mike Conley
88%
Brooklyn Nets 2018-19 D'Angelo Russell
87%
Brooklyn Nets 2017-18 D'Angelo Russell
87%
Minnesota Timberwolves 2021-22 D'Angelo Russell
87%
Los Angeles Lakers 2016-17 D'Angelo Russell
87%
Los Angeles Lakers 2015-16 D'Angelo Russell
87%
Boston Celtics 2019-20 Kemba Walker
87%
New York Knicks 2021-22 Kemba Walker
87%
Charlotte Hornets/Bobcats 2018-19 Kemba Walker
87%
Charlotte Hornets/Bobcats 2017-18 Kemba Walker
87%
Charlotte Hornets/Bobcats 2016-17 Kemba Walker
87%
Charlotte Hornets/Bobcats 2015-16 Kemba Walker
87%
Charlotte Hornets/Bobcats 2014-15 Kemba Walker
87%
Charlotte Hornets/Bobcats 2013-14 Kemba Walker
87%
Charlotte Hornets/Bobcats 2012-13 Kemba Walker
87%
Washington Wizards 2018-19 John Wall
84%
Washington Wizards 2017-18 John Wall
84%
Washington Wizards 2016-17 John Wall
84%
Washington Wizards 2015-16 John Wall
84%
Washington Wizards 2014-15 John Wall
84%
Washington Wizards 2013-14 John Wall
84%
Washington Wizards 2011-12 John Wall
84%
Washington Wizards 2010-11 John Wall
84%
Boston Celtics 2021-22 Marcus Smart
83%
Boston Celtics 2020-21 Marcus Smart
83%
Boston Celtics 2015-16 Marcus Smart
83%
Philadelphia 76ers 2020-21 Ben Simmons
82%
Philadelphia 76ers 2019-20 Ben Simmons
82%
Philadelphia 76ers 2018-19 Ben Simmons
82%
Philadelphia 76ers 2017-18 Ben Simmons
82%
New York Knicks 2016-17 Derrick Rose
82%
Chicago Bulls 2015-16 Derrick Rose
82%
Chicago Bulls 2014-15 Derrick Rose
82%
Chicago Bulls 2013-14 Derrick Rose
82%
Chicago Bulls 2011-12 Derrick Rose
82%
Chicago Bulls 2010-11 Derrick Rose
82%
Cleveland Cavaliers 2017-18 Derrick Rose
82%
Cleveland Cavaliers 2021-22 Darius Garland
81%
Cleveland Cavaliers 2020-21 Darius Garland
81%
Cleveland Cavaliers 2019-20 Darius Garland
81%
Boston Celtics 2014-15 Rajon Rondo
81%
Boston Celtics 2012-13 Rajon Rondo
81%
Boston Celtics 2011-12 Rajon Rondo
81%
Boston Celtics 2010-11 Rajon Rondo
81%
Chicago Bulls 2016-17 Rajon Rondo
81%
Los Angeles Lakers 2018-19 Rajon Rondo
81%
Sacramento Kings 2015-16 Rajon Rondo
81%
Oklahoma City Thunder 2021-22 Shai Gilgeous-Alexander
80%
Philadelphia 76ers 2013-14 Michael Carter-Williams
79%
Milwaukee Bucks 2015-16 Michael Carter-Williams
79%
San Antonio Spurs 2016-17 Tony Parker
79%
San Antonio Spurs 2015-16 Tony Parker
79%
San Antonio Spurs 2014-15 Tony Parker
79%
San Antonio Spurs 2013-14 Tony Parker
79%
San Antonio Spurs 2012-13 Tony Parker
79%
San Antonio Spurs 2011-12 Tony Parker
79%
San Antonio Spurs 2010-11 Tony Parker
79%
Philadelphia 76ers 2021-22 Tyrese Maxey
76%
Brooklyn Nets 2014-15 Deron Williams
75%
Brooklyn Nets 2013-14 Deron Williams
75%
Brooklyn Nets 2012-13 Deron Williams
75%
Brooklyn Nets 2011-12 Deron Williams
75%
Utah Jazz 2010-11 Deron Williams
75%
Dallas Mavericks 2016-17 Deron Williams
75%
Dallas Mavericks 2015-16 Deron Williams
75%
Cleveland Cavaliers 2015-16 Mo Williams
75%
Utah Jazz 2012-13 Mo Williams
75%
Boston Celtics 2016-17 Isaiah Thomas
74%
Sacramento Kings 2012-13 Isaiah Thomas
74%
Toronto Raptors 2010-11 Jarrett Jack
74%
New Orleans Pelicans 2011-12 Jarrett Jack
74%
Dallas Mavericks 2011-12 Jason Kidd
73%
Dallas Mavericks 2010-11 Jason Kidd
73%
Detroit Pistons 2019-20 Reggie Jackson
73%
Detroit Pistons 2018-19 Reggie Jackson
73%
Detroit Pistons 2017-18 Reggie Jackson
73%
Detroit Pistons 2015-16 Reggie Jackson
73%
Oklahoma City Thunder 2013-14 Reggie Jackson
73%
Los Angeles Clippers 2021-22 Reggie Jackson
73%
Atlanta Hawks 2015-16 Jeff Teague
70%
Atlanta Hawks 2014-15 Jeff Teague
70%
Atlanta Hawks 2013-14 Jeff Teague
70%
Atlanta Hawks 2012-13 Jeff Teague
70%
Atlanta Hawks 2011-12 Jeff Teague
70%
Indiana Pacers 2016-17 Jeff Teague
70%
Minnesota Timberwolves 2019-20 Jeff Teague
70%
Minnesota Timberwolves 2018-19 Jeff Teague
70%
Minnesota Timberwolves 2017-18 Jeff Teague
70%
Toronto Raptors 2021-22 Goran Dragic
69%
Miami Heat 2018-19 Goran Dragic
69%
Miami Heat 2017-18 Goran Dragic
69%
Miami Heat 2016-17 Goran Dragic
69%
Miami Heat 2015-16 Goran Dragic
69%
Phoenix Suns 2012-13 Goran Dragic
69%
Milwaukee Bucks 2017-18 Malcolm Brogdon
69%
Indiana Pacers 2021-22 Malcolm Brogdon
69%
Indiana Pacers 2020-21 Malcolm Brogdon
69%
Indiana Pacers 2019-20 Malcolm Brogdon
69%
Phoenix Suns 2011-12 Steve Nash
68%
Phoenix Suns 2010-11 Steve Nash
68%
Los Angeles Lakers 2013-14 Steve Nash
68%
Los Angeles Lakers 2012-13 Steve Nash
68%
Miami Heat 2013-14 Mario Chalmers
67%
Miami Heat 2012-13 Mario Chalmers
67%
Miami Heat 2011-12 Mario Chalmers
67%
Atlanta Hawks 2017-18 Dennis Schroder
66%
Atlanta Hawks 2016-17 Dennis Schroder
66%
Oklahoma City Thunder 2018-19 Dennis Schroder
66%
Los Angeles Lakers 2020-21 Dennis Schroder
66%
Milwaukee Bucks 2019-20 Eric Bledsoe
65%
Milwaukee Bucks 2018-19 Eric Bledsoe
65%
Phoenix Suns 2017-18 Eric Bledsoe
65%
Phoenix Suns 2016-17 Eric Bledsoe
65%
Phoenix Suns 2015-16 Eric Bledsoe
65%
Phoenix Suns 2014-15 Eric Bledsoe
65%
Phoenix Suns 2013-14 Eric Bledsoe
65%
Chicago Bulls 2020-21 Coby White
64%
Orlando Magic 2020-21 Markelle Fultz
61%
Utah Jazz 2018-19 Ricky Rubio
60%
Utah Jazz 2017-18 Ricky Rubio
60%
Minnesota Timberwolves 2020-21 Ricky Rubio
60%
Minnesota Timberwolves 2016-17 Ricky Rubio
60%
Minnesota Timberwolves 2015-16 Ricky Rubio
60%
Minnesota Timberwolves 2014-15 Ricky Rubio
60%
Minnesota Timberwolves 2013-14 Ricky Rubio
60%
Phoenix Suns 2019-20 Ricky Rubio
60%
Charlotte Hornets/Bobcats 2019-20 Terry Rozier
60%
Dallas Mavericks 2017-18 Dennis Smith Jr.
59%
Detroit Pistons 2016-17 Ish Smith
59%
Washington Wizards 2019-20 Ish Smith
59%
Cleveland Cavaliers 2018-19 George Hill
58%
Indiana Pacers 2015-16 George Hill
58%
Indiana Pacers 2013-14 George Hill
58%
Indiana Pacers 2012-13 George Hill
58%
Utah Jazz 2016-17 George Hill
58%
Oklahoma City Thunder 2020-21 George Hill
58%
Sacramento Kings 2017-18 George Hill
58%
Los Angeles Clippers 2020-21 Patrick Beverley
56%
Los Angeles Clippers 2019-20 Patrick Beverley
56%
Los Angeles Clippers 2018-19 Patrick Beverley
56%
Los Angeles Clippers 2017-18 Patrick Beverley
56%
Houston Rockets 2014-15 Patrick Beverley
56%
Houston Rockets 2013-14 Patrick Beverley
56%
Brooklyn Nets 2020-21 Spencer Dinwiddie
51%
Washington Wizards 2021-22 Spencer Dinwiddie
51%
Miami Heat 2020-21 Tyler Herro
51%
Los Angeles Lakers 2011-12 Derek Fisher
50%
Los Angeles Lakers 2010-11 Derek Fisher
50%
New York Knicks 2020-21 Elfrid Payton
45%
Orlando Magic 2017-18 Elfrid Payton
45%
Orlando Magic 2016-17 Elfrid Payton
45%
Orlando Magic 2015-16 Elfrid Payton
45%
Orlando Magic 2014-15 Elfrid Payton
45%
New Orleans Pelicans 2018-19 Elfrid Payton
45%
Orlando Magic 2021-22 Jalen Suggs
45%
Brooklyn Nets 2016-17 Jeremy Lin
45%
Los Angeles Lakers 2014-15 Jeremy Lin
45%
Houston Rockets 2012-13 Jeremy Lin
45%
Denver Nuggets 2021-22 Monte Morris
44%
Milwaukee Bucks 2012-13 Brandon Jennings
43%
Milwaukee Bucks 2011-12 Brandon Jennings
43%
Milwaukee Bucks 2010-11 Brandon Jennings
43%
Detroit Pistons 2014-15 Brandon Jennings
43%
Houston Rockets 2021-22 Kevin Porter Jr.
43%
Orlando Magic 2013-14 Jameer Nelson
41%
Orlando Magic 2012-13 Jameer Nelson
41%
Orlando Magic 2011-12 Jameer Nelson
41%
Orlando Magic 2010-11 Jameer Nelson
41%
Dallas Mavericks 2014-15 Jameer Nelson
41%
Detroit Pistons 2021-22 Killian Hayes
41%
Detroit Pistons 2020-21 Killian Hayes
41%
Denver Nuggets 2014-15 Ty Lawson
39%
Denver Nuggets 2013-14 Ty Lawson
39%
Denver Nuggets 2012-13 Ty Lawson
39%
Denver Nuggets 2011-12 Ty Lawson
39%
Sacramento Kings 2016-17 Ty Lawson
39%
Houston Rockets 2015-16 Ty Lawson
39%
Denver Nuggets 2010-11 Chauncey Billups
38%
Indiana Pacers 2018-19 Darren Collison
37%
Indiana Pacers 2017-18 Darren Collison
37%
Indiana Pacers 2011-12 Darren Collison
37%
Indiana Pacers 2010-11 Darren Collison
37%
Sacramento Kings 2014-15 Darren Collison
37%
Dallas Mavericks 2012-13 Darren Collison
37%
Charlotte Hornets/Bobcats 2020-21 Devonte' Graham
37%
New Orleans Pelicans 2021-22 Devonte' Graham
37%
Charlotte Hornets/Bobcats 2011-12 DJ Augustin
37%
Charlotte Hornets/Bobcats 2010-11 DJ Augustin
37%
Orlando Magic 2019-20 DJ Augustin
37%
Orlando Magic 2018-19 DJ Augustin
37%
Boston Celtics 2013-14 Avery Bradley
35%
Los Angeles Lakers 2019-20 Avery Bradley
35%
Milwaukee Bucks 2014-15 Brandon Knight
34%
Milwaukee Bucks 2013-14 Brandon Knight
34%
Detroit Pistons 2012-13 Brandon Knight
34%
Brooklyn Nets 2010-11 Devin Harris
32%
Utah Jazz 2011-12 Devin Harris
32%
Portland Trail Blazers 2010-11 Andre Miller
30%
Miami Heat 2019-20 Kendrick Nunn
30%
Atlanta Hawks 2010-11 Mike Bibby
28%
New York Knicks 2013-14 Raymond Felton
28%
New York Knicks 2012-13 Raymond Felton
28%
New York Knicks 2010-11 Raymond Felton
28%
Portland Trail Blazers 2011-12 Raymond Felton
28%
Toronto Raptors 2011-12 Jose Calderon
27%
New York Knicks 2015-16 Jose Calderon
27%
Dallas Mavericks 2013-14 Jose Calderon
27%
Miami Heat 2014-15 Norris Cole
25%
Los Angeles Clippers 2010-11 Baron Davis
23%
New Orleans Pelicans 2015-16 Nate Robinson
23%
Denver Nuggets 2016-17 Emmanuel Mudiay
22%
Denver Nuggets 2015-16 Emmanuel Mudiay
22%
Chicago Bulls 2012-13 Kirk Hinrich
22%
Utah Jazz 2015-16 Raul Neto
19%
Milwaukee Bucks 2016-17 Matthew Dellavedova
18%
Chicago Bulls 2019-20 Tomas Satoransky
18%
Utah Jazz 2014-15 Trey Burke
18%
Houston Rockets 2010-11 Aaron Brooks
16%
Chicago Bulls 2018-19 Cameron Payne
16%
Detroit Pistons 2011-12 Rodney Stuckey
16%
Detroit Pistons 2010-11 Rodney Stuckey
16%
New York Knicks 2018-19 Frank Ntilikina
15%
Chicago Bulls 2017-18 Jerian Grant
11%
San Antonio Spurs 2018-19 Bryn Forbes
10%
Sacramento Kings 2013-14 Greivis Vasquez
9%
New Orleans Pelicans 2012-13 Greivis Vasquez
9%
Miami Heat 2010-11 Carlos Arroyo
7%
Minnesota Timberwolves 2012-13 Luke Ridnour
7%
Minnesota Timberwolves 2011-12 Luke Ridnour
7%
Minnesota Timberwolves 2010-11 Luke Ridnour
7%
New York Knicks 2017-18 Ramon Sessions
7%
Cleveland Cavaliers 2010-11 Ramon Sessions
7%
Philadelphia 76ers 2014-15 Tony Wroten
7%
Washington Wizards 2012-13 AJ Price
6%
Philadelphia 76ers 2016-17 Sergio Rodriguez
6%
Sacramento Kings 2010-11 Beno Udrih
5%
Philadelphia 76ers 2015-16 Isaiah Canaan
5%
Phoenix Suns 2018-19 Isaiah Canaan
5%
New York Knicks 2019-20 Allonzo Trier
4%
Sacramento Kings 2011-12 John Salmons
4%
Brooklyn Nets 2015-16 Shane Larkin
4%
New York Knicks 2014-15 Shane Larkin
4%
New Orleans Pelicans 2016-17 Tim Frazier
4%
Detroit Pistons 2013-14 Will Bynum
4%
New York Knicks 2011-12 Toney Douglas
3%
Indiana Pacers 2014-15 Donald Sloan
2%
Utah Jazz 2013-14 John Lucas III
2%
No matching quizzes found
Score Distribution
Percent of People with Each Score
Percentile by Number Answered
Your Score History
You have not taken this quiz